000 00679nam a22002057a 4500
005 20251108173354.0
008 250721s2002 xx 000 0 ara d
020 _a9775167760
082 1 4 _a632.7068/ حجا
100 1 _aحجازي، عصمت محمد
245 1 0 _aالإدارة المتكاملة للآفات : الطريق إلى بيئة نظيفة و غذاء آمن /
264 1 _aالإسكندرية :
_bمكتبة المعارف الحديثة،
_c2002.
300 _a848ص.
650 1 7 _aالإدارة
650 1 7 _aالآفات الحشرية
650 1 7 _aالبيئة
650 1 7 _aمكافحة الآفات
942 _2ddc
_cBK
999 _c102380
_d102380